Score 0/10 Timer 03:00
0 Plays Today
Scrambled Countries Countries % Correct
rnijaaazebAzerbaijan
94.6%
eeezvuanlVenezuela
92.9%
haakksntazKazakhstan
92%
qzuiaebmmoMozambique
92%
gmuuolexrbLuxembourg
83.9%
tlogarpuPortugal
83%
knaasilrSri Lanka
72.3%
tluaaasriAustralia
68.8%
nnosiidaeIndonesia
63.4%
iiiaonneumldrccpbDominican Republic
50%
Remove Ads.
Support Sporcle.
Get the best of Sporcle when you Go Orange. This ad-free experience offers more features, more stats, and more fun while also helping to support Sporcle. Thank you for becoming a member.

You're not logged in!

Compare scores with friends on all Sporcle quizzes.
OR
Log In

Show Comments

Extras

Created Dec 4, 2010ReportNominate
Tags:Country Quiz, scramble

Top Quizzes Today


Score Distribution

Your Account Isn't Verified!

In order to create a playlist on Sporcle, you need to verify the email address you used during registration. Go to your Sporcle Settings to finish the process.

Report this User

Report this user for behavior that violates our Community Guidelines.

Details: